000 00324nam a2200121Ia 4500
005 20251222154341.0
008 251222s9999||||xx |||||||||||||| ||spa||
020 _a978-958-648-651-4
082 _a632.96/H81
100 _a"Hoyos Carvajal, Lilliana M."
245 0 _aEnfermedades de plantas: Control biológico
942 _cLIB
999 _c34548
_d34548